Breve historia de la Unión Soviética /

Detalles Bibliográficos
Autor principal: Fitzpatrick, Sheila (Autor)
Otros Autores: Soler Chic, Joan (Traductor)
Formato: Electrónico eBook
Lenguaje:español
inglés
Publicado: Barcelona : Antoni Bosch editor, [2022]
Materias:
Acceso en línea:Digitalia Hispánica

MARC

LEADER 00000nam a2200000Ii 4500
001 DIGANBSCH0045
003 NyNyDIG
006 m o d
007 cr |||||||||||
008 240103s2022 sp ab ob 001 0 spa d
035 |a (OCoLC)1403991359 
040 |a DGITA  |b eng  |e rda  |e pn  |c DGITA 
020 |a 9788412473643  |q eBook 
020 |z 9788412473636 
041 1 |a spa  |h eng 
043 |a e-ur--- 
050 1 4 |a DK266 ebook 
082 0 4 |a 947  |2 23 
100 1 |a Fitzpatrick, Sheila,  |e author. 
240 1 0 |a Shortest history of the Soviet Union.  |l Spanish  |s (Soler Chic) 
245 1 0 |a Breve historia de la Unión Soviética /  |c Sheila Fitzpatrick ; traducción de Joan Soler Chic. 
264 1 |a Barcelona :  |b Antoni Bosch editor,  |c [2022] 
300 |a 1 online resource :  |b illustrations, maps. 
336 |a text  |b txt  |2 rdacontent 
337 |a computer  |b c  |2 rdamedia 
338 |a online resource  |b cr  |2 rdacarrier 
347 |a text file  |2 rdaft 
347 |b EPUB 
504 |a Includes bibliographical references and index. 
588 0 |a Online resource; title from ePub title page (Digitalia, viewed January 3, 2024) 
651 0 |a Soviet Union  |x History. 
700 1 |a Soler Chic, Joan,  |e translator. 
700 1 |i Translation of:  |a Fitzpatrick, Sheila.  |t Shortest history of the Soviet Union. 
791 2 |a Digitalia (Firm),  |e distributor. 
793 0 |g Digitalia eBook Collection:  |a Antoni Bosch Editor 
776 0 8 |i Print version:  |a Fitzpatrick, Sheila.  |s Shortest history of the Soviet Union. Spanish (Soler Chic).  |t Breve historia de la Unión Soviética.  |d Barcelona : Antoni Bosch editor, [2022]  |z 9788412473636 
856 4 0 |3 Digitalia Hispánica  |u https://www.digitaliapublishing.com/a/121636/ 
910 |a Premium collection: 2024